BRCT : (Record no. 35732)

MARC details
000 -LEADER
fixed length control field 00647nam a22002177a 4500
001 - CONTROL NUMBER
control field 29985
003 - CONTROL NUMBER IDENTIFIER
control field BD-DhAAL
005 - DATE AND TIME OF LATEST TRANSACTION
control field 20260128110702.0
008 - FIXED-LENGTH DATA ELEMENTS--GENERAL INFORMATION
fixed length control field 150901s1977 bg a|||| |||| 00| 0 eng d
040 ## - CATALOGING SOURCE
Original cataloging agency BD-DhAAL
Transcribing agency BD-DhAAL
082 ## - DEWEY DECIMAL CLASSIFICATION NUMBER
Edition number 22
Classification number 307.1412095492
999 ## - SYSTEM CONTROL NUMBERS (KOHA)
Koha biblionumber 35732 | 35503 | 35502 | 35406
245 ## - TITLE STATEMENT
Title BRCT :
Remainder of title staff and borrowers training syllabus /
260 ## - PUBLICATION, DISTRIBUTION, ETC. (IMPRINT)
Place of publication, distribution, etc Dhaka :
Name of publisher, distributor, etc BRAC,
Date of publication, distribution, etc 1977.
300 ## - PHYSICAL DESCRIPTION
Extent 27 pages :
Other physical details illustrations ;
Dimensions 28 cm.
610 ## - SUBJECT ADDED ENTRY--CORPORATE NAME
Corporate name or jurisdiction name as entry element BRAC.
9 (RLIN) 14340
650 ## - SUBJECT ADDED ENTRY--TOPICAL TERM
Topical term or geographic name as entry element Rural Development
Geographic subdivision Bangladesh.
9 (RLIN) 14341
710 ## - ADDED ENTRY--CORPORATE NAME
Corporate name or jurisdiction name as entry element BRAC.
9 (RLIN) 14340
942 ## - ADDED ENTRY ELEMENTS (KOHA)
Source of classification or shelving scheme Dewey Decimal Classification
Koha item type Book
Holdings
Withdrawn status Lost status Source of classification or shelving scheme Damaged status Not for loan Collection code Home library Current library Shelving location Date acquired Source of acquisition Total Checkouts Full call number Barcode Date last seen Date checked out Copy number Price effective from Koha item type
    Dewey Decimal Classification   Not For Loan Report Ayesha Abed Library Ayesha Abed Library BRAC Resource Section 10/10/2015 BRAC 1 307.1412095492 BRC 3010029985 30/12/2025 23/03/2025 1 10/10/2015 Book